Designing with TTL integrated circuits / (Record no. 182094)
[ view plain ]
| 000 -LEADER | |
|---|---|
| fixed length control field | 01183 a2200253 4500 |
| 003 - CONTROL NUMBER IDENTIFIER | |
| control field | Nust |
| 005 - DATE AND TIME OF LATEST TRANSACTION | |
| control field | 20221125111835.0 |
| 010 ## - LIBRARY OF CONGRESS CONTROL NUMBER | |
| LC control number | 77150465 |
| 020 ## - INTERNATIONAL STANDARD BOOK NUMBER | |
| International Standard Book Number | 070637458 |
| 040 ## - CATALOGING SOURCE | |
| Transcribing agency | Nust |
| 082 00 - DEWEY DECIMAL CLASSIFICATION NUMBER | |
| Classification number | 621.3815,DES |
| 110 2# - MAIN ENTRY--CORPORATE NAME | |
| Corporate name or jurisdiction name as entry element | Texas Instruments Incorporated. |
| 9 (RLIN) | 103582 |
| 245 10 - TITLE STATEMENT | |
| Title | Designing with TTL integrated circuits / |
| Statement of responsibility, etc. | Edited by Robert L. Morris and John R. Miller. |
| 260 ## - PUBLICATION, DISTRIBUTION, ETC. | |
| Place of publication, distribution, etc. | New York, |
| Name of publisher, distributor, etc. | McGraw-Hill |
| Date of publication, distribution, etc. | [1971] |
| 300 ## - PHYSICAL DESCRIPTION | |
| Extent | ix, 322 p. |
| Other physical details | illus. |
| Dimensions | 27 cm. |
| 490 0# - SERIES STATEMENT | |
| Series statement | Texas Instruments electronics series |
| 505 ## - FORMATTED CONTENTS NOTE | |
| Formatted contents note | Introduction to Digital Logic (Page-1), Series 54/74 Overview (Page-15), Circuits Analysis and Characteristics of Series 54/74(Page-23), Extended-rang Operation (Page-67), Noise Considerations (Page-83), Combinational Logic Design (Page-107), Flip-Flops (Page-161), Decoders (Page-181), Arithmetic Elements (Page-2111), Counters (Page-243), Shift Registers (Page-285), Other Applications (Page-309). |
| 650 #0 - SUBJECT ADDED ENTRY--TOPICAL TERM | |
| Topical term or geographic name entry element | Integrated circuits. |
| 650 #0 - SUBJECT ADDED ENTRY--TOPICAL TERM | |
| Topical term or geographic name entry element | Telecommunication engineering |
| 700 1# - ADDED ENTRY--PERSONAL NAME | |
| Personal name | Anderson, William D. |
| 9 (RLIN) | 103583 |
| 700 1# - ADDED ENTRY--PERSONAL NAME | |
| Personal name | Miller, John Robert, |
| Dates associated with a name | 1928- |
| 9 (RLIN) | 103584 |
| 700 1# - ADDED ENTRY--PERSONAL NAME | |
| Personal name | Morris, Robert Loyd, |
| Dates associated with a name | 1940- |
| 9 (RLIN) | 103585 |
| 942 ## - ADDED ENTRY ELEMENTS (KOHA) | |
| Source of classification or shelving scheme | |
| Koha item type | Book |
| Withdrawn status | Lost status | Source of classification or shelving scheme | Damaged status | Not for loan | Permanent Location | Current Location | Shelving location | Date acquired | Full call number | Barcode | Date last seen | Price effective from | Koha item type | Public note |
|---|---|---|---|---|---|---|---|---|---|---|---|---|---|---|
| Military College of Signals (MCS) | Military College of Signals (MCS) | General Stacks | 12/12/2016 | 621.3815,DES | MCS5494 | 12/08/2016 | 12/12/2016 | Book | Almirah No.32, Shelf No.5 | |||||
| Military College of Signals (MCS) | Military College of Signals (MCS) | General Stacks | 12/12/2016 | 621.3815,DES | MCS6247 | 12/08/2016 | 12/12/2016 | Book | Almirah No.32, Shelf No.5 | |||||
| Military College of Signals (MCS) | Military College of Signals (MCS) | General Stacks | 12/12/2016 | 621.3815,DES | MCS6291 | 12/08/2016 | 12/12/2016 | Book | Almirah No.32, Shelf No.5 |
